• 首页
  • 本馆介绍
  • 公告通知
  • 最新文献
  • 馆藏检索
  • 电子资源
  • 读者导购
  • 参考咨询
  • 我的图书馆
  • 登录
  • 详细信息显示
  • 放入我的书架
  • 预约/预借图书
  • 作者相关作品
  • 分类相关作品
  • 丛书相关作品
  • 出版社相关作品

书目信息

  • 表格格式
  • 工作单格式
  • 卡片格式
题名:
品牌形象设计
    
 
作者: 法雷利 编著 ;张嘉馨 译
分册:  
出版信息: 北京   电子工业出版社  2013.12
页数: 268页
开本: 28cm
丛书名:
单 册:
中图分类: J524.4
科图分类:
主题词: 品牌--产品形象--设计 , 品牌 , 产品形象
电子资源:
ISBN: 978-7-121-21800-2
000 01326nam0 2200313 450
001 0120131194157
005 20140609111330.40
010    @a978-7-121-21800-2@dCNY98.00
100    @a20131230d2013 em y0chiy0110 ea
101 1  @achi@ceng
102    @aCN@b110000
105    @aa z 000yy
106    @ar
200 1  @a品牌形象设计@9pin pai xing xiang she ji@dDesigners' identities@e76位顶级设计师关于CI设计的访谈及经典案例@f(英)Liz Farrelly编著@g张嘉馨译@zeng
210    @a北京@c电子工业出版社@d2013.12
215    @a268页@c图@d28cm
305    @a由Laurence King Publishing Ltd.授权
330    @a本书研究了来自世界各地的76位设计师,在其设计生涯的不同阶段所设计的企业形象识别系统,从而为广大设计师获得灵感和进行实践提供了范本。本书包含有关设计版式、材料和方法的详细探讨,以及大量设计师的访谈,涉及他们的视觉识别项目和最具代表性的设计作品。
333    @a品牌设计人员
510 1  @aDesigners' identities@zeng
517 1  @a76位顶级设计师关于CI设计的访谈及经典案例@976 wei ding ji she ji shi guan yu CI she ji de fang tan ji jing dian an li
606 0  @a品牌@x产品形象@x设计
606 0  @a品牌
606 0  @a产品形象
690    @aJ524.4@v5
701  0 @c(英)@a法雷利@9fa lei li@c(Farrelly, Liz)@4编著
702  0 @a张嘉馨@9zhang jia xin@4译
801  0 @aCN@b人天书店@c20131230
905    @b548435-37@dJ524.4@e342@f3
    
    品牌形象设计=Designers' identities:76位顶级设计师关于CI设计的访谈及经典案例/(英)Liz Farrelly编著/张嘉馨译.-北京:电子工业出版社,2013.12
    268页:图;28cm
    使用对象:品牌设计人员
    
    ISBN 978-7-121-21800-2:CNY98.00
    本书研究了来自世界各地的76位设计师,在其设计生涯的不同阶段所设计的企业形象识别系统,从而为广大设计师获得灵感和进行实践提供了范本。本书包含有关设计版式、材料和方法的详细探讨,以及大量设计师的访谈,涉及他们的视觉识别项目和最具代表性的设计作品。
●
相关链接 在E读中查询图书 在五车中查询图书 在当当中查询图书 在豆瓣中查询图书


正题名:品牌形象设计     索取号:J524.4/342         预约/预借

序号 登录号 条形码 馆藏地/架位号 状态 备注
1 548435   205484359   第一样本阅览室/ [索取号:J524.4/342] 在馆    
2 548436   205484368   密集书库-资源管理系/ [索取号:J524.4/342] 在馆    
3 548437   205484377   第一借阅区/ [索取号:J524.4/342] 在馆    
唐山师范学院图书馆 欢迎您!
大连网信软件有限公司© 版权所有